Loading...
| Literature - American | 0 | 7 | 0 | 0 | 70 | 43 | 79.57 | 2 | 3 | 0.00 | 0.00 |
| Literature - European | 0 | 6 | 1 | 1 | 55 | 98 | 121.83 | 0 | 0 | 0.00 | 0.00 |
| Fine Arts - Painting and Sculpture | 0 | 5 | 1 | 1 | 45 | 67 | 99.40 | 0 | 1 | 0.00 | 0.00 |
| History - American | 0 | 4 | 0 | 1 | 40 | 61 | 98.25 | 0 | 0 | 0.00 | 0.00 |
| Literature - British | 0 | 5 | 2 | 0 | 40 | 68 | 95.80 | 0 | 2 | 0.00 | 0.00 |
| Social Science | 0 | 3 | 0 | 0 | 30 | 62 | 65.33 | 0 | 2 | 0.00 | 0.00 |
| History - European | 0 | 3 | 0 | 3 | 30 | 126 | 130.00 | 0 | 0 | 0.00 | 0.00 |
| Literature - World | 0 | 3 | 1 | 0 | 25 | 100 | 104.00 | 0 | 0 | 0.00 | 0.00 |
| Fine Arts - Classical Music | 0 | 2 | 0 | 1 | 20 | 113 | 115.00 | 0 | 0 | 0.00 | 0.00 |
| Science - Chemistry | 0 | 2 | 0 | 0 | 20 | 118 | 120.00 | 0 | 0 | 0.00 | 0.00 |
| Current Events | 0 | 1 | 0 | 0 | 10 | 13 | 13.00 | 1 | 1 | 0.00 | 0.00 |
| Geography | 0 | 1 | 0 | 0 | 10 | 111 | 111.00 | 0 | 0 | 0.00 | 0.00 |
| Philosophy | 0 | 1 | 0 | 0 | 10 | 90 | 90.00 | 0 | 0 | 0.00 | 0.00 |
| Popular Culture | 0 | 1 | 0 | 0 | 10 | 21 | 21.00 | 1 | 1 | 0.00 | 0.00 |
| Religion | 0 | 1 | 0 | 0 | 10 | 98 | 98.00 | 0 | 1 | 0.00 | 0.00 |
| Science - Biology | 0 | 1 | 0 | 1 | 10 | 114 | 114.00 | 0 | 0 | 0.00 | 0.00 |
| Fine Arts - Other | 0 | 1 | 1 | 0 | 5 | 93 | 93.00 | 0 | 0 | 0.00 | 0.00 |
| Mythology | 0 | 1 | 1 | 0 | 5 | 139 | 139.00 | 0 | 0 | 0.00 | 0.00 |
| History - Other | 0 | 1 | 1 | 0 | 5 | 119 | 119.00 | 0 | 0 | 0.00 | 0.00 |
| History - World | 0 | 1 | 1 | 0 | 5 | 142 | 142.00 | 0 | 0 | 0.00 | 0.00 |
| Science - Physics | 0 | 0 | 0 | 0 | 0 | 0.00 | 0 | 0 | 0.00 | 0.00 |